/ جامع تاریخ ہند (Record no. 105958)
[ view plain ]
| 000 -LEADER | |
|---|---|
| fixed length control field | 01066nam a22002657a 4500 |
| 005 - DATE AND TIME OF LATEST TRANSACTION | |
| control field | 20170123162300.0 |
| 010 ## - LIBRARY OF CONGRESS CONTROL NUMBER | |
| LC control number | A-549966 |
| 020 ## - INTERNATIONAL STANDARD BOOK NUMBER | |
| Terms of availability | 306.00 |
| 035 ## - SYSTEM CONTROL NUMBER | |
| System control number | A-549966 |
| 037 ## - SOURCE OF ACQUISITION | |
| Source of stock number/acquisition | Cen Lib/Ret |
| 040 ## - CATALOGING SOURCE | |
| Original cataloging agency | DPL |
| Language of cataloging | UR |
| 082 ## - DEWEY DECIMAL CLASSIFICATION NUMBER | |
| Classification number | 954.021 |
| Item number | م ہ م |
| 100 ## - MAIN ENTRY--PERSONAL NAME | |
| Personal name | محمد حبیب |
| 9 (RLIN) | 136697 |
| 245 ## - TITLE STATEMENT | |
| Title | / جامع تاریخ ہند |
| Statement of responsibility, etc | محمّد حبیب [اور] ک. ا. نظمی |
| 246 ## - VARYING FORM OF TITLE | |
| Title proper/short title | Jama tarikhe-e-hind / |
| Remainder of title | by M. Habib [and] K.A. Nizami |
| 260 ## - PUBLICATION, DISTRIBUTION, ETC. (IMPRINT) | |
| Place of publication, distribution, etc | نئی دہلی |
| Name of publisher, distributor, etc | قومی کونسل براے فروغ اردو زبان |
| Date of publication, distribution, etc | 1984 |
| 270 ## - ADDRESS | |
| Address | ڈائریکٹر، قومی کونسل برائے فروغ ا ردو زبان، وست بلاک 1، آر کے پورم |
| City | نئی دہلی |
| Postal code | 110066 |
| 300 ## - PHYSICAL DESCRIPTION | |
| Extent | 1000p.: |
| Dimensions | 21cm(pbk) |
| 650 ## - SUBJECT ADDED ENTRY--TOPICAL TERM | |
| Topical term or geographic name as entry element | ہندوستانی تاریخ |
| 9 (RLIN) | 410 |
| 650 ## - SUBJECT ADDED ENTRY--TOPICAL TERM | |
| Topical term or geographic name as entry element | عہدے سلطنت-ہندوستانی تاریخ |
| 9 (RLIN) | 136698 |
| 650 ## - SUBJECT ADDED ENTRY--TOPICAL TERM | |
| Topical term or geographic name as entry element | Indian history |
| 9 (RLIN) | 136699 |
| 650 ## - SUBJECT ADDED ENTRY--TOPICAL TERM | |
| Topical term or geographic name as entry element | Empire post-Indian history |
| 9 (RLIN) | 136700 |
| 700 ## - ADDED ENTRY--PERSONAL NAME | |
| Personal name | نظامی, کے. اے. |
| 9 (RLIN) | 831 |
| 942 ## - ADDED ENTRY ELEMENTS (KOHA) | |
| Source of classification or shelving scheme | Dewey Decimal Classification |
| Koha item type | Urdu Bks |
| Classification part | 954.021 |
| Call number suffix | م ہ م |
| Withdrawn status | Lost status | Damaged status | Not for loan | Collection code | Home library | Current library | Date acquired | Source of acquisition | Cost, normal purchase price | Total Checkouts | Full call number | Barcode | Date last seen | Copy number | Cost, replacement price | Price effective from | Koha item type |
|---|---|---|---|---|---|---|---|---|---|---|---|---|---|---|---|---|---|
| Not For Loan | Reference | Central Library | Central Library | 25/05/2015 | Cen Lib/Ret | 306.00 | 954.021م ہ م | A-549966 | 25/05/2015 | 1 | 306.00 | 15/09/2016 | Urdu Bks |
